[Event "1.FrauenBL 2018-19"]
[Site "Berlin"]
[Date "2019.03.01"]
[Round "9.6"]
[White "Fuchs, Judith"]
[Black "Waechter, Nathalie"]
[Result "1-0"]
[WhiteElo "2256"]
[BlackElo "2038"]
[Annotator "NA"]
[PlyCount "155"]
[EventDate "2018.10.27"]
[EventType "team-tourn"]
[EventCountry "GER"]
[SourceTitle "playchess.com"]
[Source "ChessBase"]
[SourceQuality "1"]
[WhiteTeam "Hamburger SK"]
[BlackTeam "TuRa Harksheide"]
[TimeControl "40/5400+30:1800+30"]

1. d4 {[%emt 0:00:03]} d5 {[%emt 0:00:07]} 2. Bf4 {[%emt 0:00:08]} e6 {[%emt 0:00:17]} 3. e3 {[%emt 0:00:12]} Bd6 {[%emt 0:00:27]} 4. Bg3 {[%emt 0:00:31]} Nf6 {[%emt 0:00:15]} 5. Nf3 {[%emt 0:00:26]} O-O {[%emt 0:00:14]} 6. Nbd2 {[%emt 0:00:59]} b6 {[%emt 0:00:17]} 7. Bd3 {[%emt 0:00:34]} c5 {[%emt 0:00:37]} 8. c3 {[%emt 0:00:32]} Ba6 {[%emt 0:00:16]} 9. Bxa6 {[%emt 0:01:33]} Nxa6 {[%emt 0:00:06]} 10. Qe2 {[%emt 0:00:21]} Nb8 {[%emt 0:01:40]} 11. e4 {[%emt 0:08:07]} Nh5 {[%emt 0:26:33]} 12. Bxd6 {[%emt 0:09:57]} Qxd6 {[%emt 0:00:26]} 13. e5 {[%emt 0:01:09]} Qe7 {[%emt 0:01:05]} 14. Qe3 {[%emt 0:02:44]} f5 {[%emt 0:15:16]} 15. exf6 {[%emt 0:11:46]} Nxf6 {[%emt 0:04:58]} 16. Ne5 {[%emt 0:03:44]} cxd4 {[%emt 0:01:00]} 17. Qxd4 {[%emt 0:01:53]} Nbd7 {[%emt 0:02:36]} 18. Nxd7 {[%emt 0:09:02]} Nxd7 {[%emt 0:01:50]} 19. O-O {[%emt 0:02:13]} Qd6 {[%emt 0:03:11]} 20. f4 {[%emt 0:02:45]} Rf5 {[%emt 0:14:05]} 21. Ne4 {[%emt 0:02:48]} Qc6 {[%emt 0:07:39]} 22. Ng3 {[%emt 0:04:54]} Rf7 {[%emt 0:00:34]} 23. Rae1 {[%emt 0:04:12]} Re8 {[%emt 0:02:47]} 24. b4 {[%emt 0:04:21]} b5 {[%emt 0:02:45]} 25. Rf2 {[%emt 0:10:15]} Qb6 {[%emt 0:06:22]} 26. Ne2 {[%emt 0:07:25]} Qa6 {[%emt 0:02:32]} 27. Nc1 {[%emt 0:01:38]} Qd6 {[%emt 0:01:29]} 28. Nd3 {[%emt 0:02:48]} Rfe7 {[%emt 0:01:52]} 29. Ne5 {[%emt 0:04:18]} Nb6 {[%emt 0:00:40]} 30. Re3 {[%emt 0:00:59]} Rc8 {[%emt 0:00:45]} 31. Rh3 {[%emt 0:00:56]} Nc4 {[%emt 0:00:35]} 32. Qd3 {[%emt 0:00:40]} g6 {[%emt 0:00:32]} 33. Ng4 {[%emt 0:00:37]} Rf8 {[%emt 0:01:38]} 34. Qd4 {[%emt 0:01:32]} e5 {[%emt 0:01:00]} 35. fxe5 {[%emt 0:00:28]} Nxe5 {[%emt 0:00:07]} 36. Rxf8+ {[%emt 0:01:08]} Kxf8 {[%emt 0:00:02]} 37. Nxe5 {[%emt 0:00:35]} Qxe5 {[%emt 0:01:26]} 38. Qxe5 {[%emt 0:00:23]} Rxe5 {[%emt 0:00:06]} 39. Rxh7 {[%emt 0:00:07]} a6 {[%emt 0:00:29]} 40. Kf2 {[%emt 0:00:34]} Re6 {[%emt 0:00:40]} 41. Rc7 {[%emt 0:03:25]} g5 {[%emt 0:04:36]} 42. Kf3 {[%emt 0:03:31]} Rf6+ {[%emt 0:01:49]} 43. Kg3 {[%emt 0:02:36]} Rd6 {[%emt 0:01:43]} 44. Rc5 {[%emt 0:05:51]} d4 {[%emt 0:00:14]} 45. cxd4 {[%emt 0:00:00]} Rxd4 {[%emt 0:00:02]} 46. Rxg5 {[%emt 0:02:56]} Rxb4 {[%emt 0:00:26]} 47. Rf5+ {[%emt 0:02:06]} Kg7 {[%emt 0:00:07]} 48. Rf2 {[%emt 0:00:34]} Kg6 {[%emt 0:01:15]} 49. h3 {[%emt 0:03:34]} Kg5 {[%emt 0:00:26]} 50. Rd2 {[%emt 0:00:26]} Ra4 {[%emt 0:00:49]} 51. Kf3 {[%emt 0:01:07]} Kf5 {[%emt 0:00:51]} 52. g4+ {[%emt 0:01:12]} Kg5 {[%emt 0:00:39]} 53. Rd5+ {[%emt 0:04:08]} Kg6 {[%emt 0:00:18]} 54. Rd6+ {[%emt 0:02:59]} Kg5 {[%emt 0:00:44]} 55. Rd5+ {[%emt 0:01:07]} Kg6 {[%emt 0:00:05]} 56. h4 {[%emt 0:00:38]} Rxa2 {[%emt 0:00:55]} 57. Rd6+ {[%emt 0:00:45]} Kg7 {[%emt 0:00:06]} 58. Kf4 {[%emt 0:00:32]} b4 {[%emt 0:01:37]} 59. Rb6 {[%emt 0:00:23]} Ra4 {[%emt 0:01:37]} 60. Rb7+ {[%emt 0:00:35]} Kf6 {[%emt 0:01:51]} 61. Rb6+ {[%emt 0:01:07]} Kg7 {[%emt 0:00:17]} 62. Rb7+ {[%emt 0:01:11]} Kf6 {[%emt 0:00:04]} 63. g5+ {[%emt 0:00:07]} Kg6 {[%emt 0:01:48]} 64. Rb6+ {[%emt 0:00:42]} Kg7 {[%emt 0:01:40]} 65. Kg4 {[%emt 0:00:40]} a5 {[%emt 0:03:58]} 66. Rb7+ {[%emt 0:00:10]} Kg8 {[%emt 0:05:51]} 67. Kh5 {[%emt 0:00:09]} b3 {[%emt 0:06:59]} 68. Rxb3 {[%emt 0:00:23]} Rb4 {[%emt 0:00:03]} 69. Rc3 {[%emt 0:00:39]} Rb8 {[%emt 0:00:22]} 70. Rc4 {[%emt 0:00:43]} Ra8 {[%emt 0:01:46]} 71. Ra4 {[%emt 0:00:04]} Kf7 {[%emt 0:00:25]} 72. Kg4 {[%emt 0:00:37]} Ra6 {[%emt 0:00:32]} 73. h5 {[%emt 0:00:12]} Kg8 {[%emt 0:02:21]} 74. g6 {[%emt 0:00:26]} Kf8 {[%emt 0:00:58]} 75. Kg5 {[%emt 0:00:13]} Kg7 {[%emt 0:00:32]} 76. h6+ {[%emt 0:00:43]} Kf8 {[%emt 0:00:39]} 77. Rf4+ {[%emt 0:00:30]} Kg8 {[%emt 0:00:19]} 78. h7+ {[%emt 0:00:12]} 1-0

[Event "1.FrauenBL 2018-19"]
[Site "Berlin"]
[Date "2019.03.01"]
[Round "9.6"]
[White "Kiefhaber, Veronika"]
[Black "Heinemann, Josefine"]
[Result "0-1"]
[WhiteElo "2151"]
[BlackElo "2238"]
[Annotator "NA"]
[PlyCount "90"]
[EventDate "2018.10.27"]
[EventType "team-tourn"]
[EventCountry "GER"]
[SourceTitle "playchess.com"]
[Source "ChessBase"]
[SourceQuality "1"]
[WhiteTeam "Karlsruher SF"]
[BlackTeam "OSG Baden-Baden"]
[TimeControl "40/5400+30:1800+30"]

1. e4 {[%emt 0:00:03]} c5 {[%emt 0:00:09]} 2. c3 {[%emt 0:00:13]} Nf6 {[%emt 0:00:10]} 3. e5 {[%emt 0:00:11]} Nd5 {[%emt 0:00:04]} 4. Nf3 {[%emt 0:00:19]} Nc6 {[%emt 0:00:20]} 5. Bc4 {[%emt 0:00:22]} Nb6 {[%emt 0:01:05]} 6. Bb3 {[%emt 0:00:14]} c4 {[%emt 0:00:32]} 7. Bc2 {[%emt 0:00:18]} d5 {[%emt 0:00:05]} 8. exd6 Qxd6 {[%emt 0:00:06]} 9. b3 {[%emt 0:05:48]} Bg4 {[%emt 0:06:15]} 10. bxc4 {[%emt 0:07:22]} Qe6+ {[%emt 0:06:36]} 11. Qe2 {[%emt 0:05:12]} Qxe2+ {[%emt 0:01:08]} 12. Kxe2 {[%emt 0:00:06]} Nxc4 {[%emt 0:00:14]} 13. d3 {[%emt 0:08:00]} N4e5 {[%emt 0:03:47]} 14. Nbd2 {[%emt 0:00:44]} O-O-O {[%emt 0:05:22]} 15. d4 {[%emt 0:08:52]} Nxf3 {[%emt 0:00:58]} 16. gxf3 {[%emt 0:00:24]} Bh5 {[%emt 0:04:23]} 17. Nc4 {[%emt 0:12:08]} e6 {[%emt 0:08:40]} 18. Rg1 {[%emt 0:04:00]} f6 {[%emt 0:06:01]} 19. Rb1 {[%emt 0:02:13]} Bf7 {[%emt 0:05:16]} 20. Bb3 {[%emt 0:05:12]} g6 {[%emt 0:06:25]} 21. Be3 {[%emt 0:03:20]} Be7 {[%emt 0:05:53]} 22. Rgd1 {[%emt 0:06:21]} g5 {[%emt 0:03:39]} 23. Nd2 {[%emt 0:03:22]} h6 {[%emt 0:02:38]} 24. a4 {[%emt 0:05:17]} Kc7 {[%emt 0:03:48]} 25. Bc4 {[%emt 0:01:51]} f5 {[%emt 0:05:36]} 26. Nb3 {[%emt 0:02:21]} Rhe8 {[%emt 0:05:21]} 27. Kf1 {[%emt 0:04:35]} Bd6 {[%emt 0:01:50]} 28. Kg2 {[%emt 0:00:55]} Ne7 {[%emt 0:01:42]} 29. Rb2 {[%emt 0:03:13]} Ng6 {[%emt 0:01:20]} 30. Kh1 {[%emt 0:00:57]} Nh4 {[%emt 0:00:57]} 31. Rdb1 {[%emt 0:01:43]} Rb8 {[%emt 0:03:03]} 32. Be2 {[%emt 0:01:03]} f4 {[%emt 0:00:51]} 33. Bd2 {[%emt 0:01:14]} e5 {[%emt 0:02:12]} 34. dxe5 {[%emt 0:01:12]} Rxe5 {[%emt 0:01:41]} 35. Nd4 {[%emt 0:00:18]} Bc5 {[%emt 0:01:13]} 36. Bd3 {[%emt 0:00:47]} Bd5 {[%emt 0:01:00]} 37. Be4 {[%emt 0:01:54]} Rxe4 {[%emt 0:01:33]} 38. Rb5 {[%emt 0:01:48]} b6 {[%emt 0:00:59]} 39. fxe4 {[%emt 0:00:42]} Bxe4+ {[%emt 0:00:04]} 40. f3 {[%emt 0:01:19]} Bxb1 {[%emt 0:00:09]} 41. Rxb1 {[%emt 0:33:42]} Bxd4 {[%emt 0:31:17]} 42. cxd4 {[%emt 0:00:33]} Nxf3 {[%emt 0:00:32]} 43. Bc3 {[%emt 0:00:22]} Re8 {[%emt 0:00:24]} 44. Rb2 {[%emt 0:00:00]} Re3 {[%emt 0:00:00]} 45. Rc2 {[%emt 0:00:00]} Kd6 {[%emt 0:00:00]} 0-1

[Event "1.FrauenBL 2018-19"]
[Site "Berlin"]
[Date "2019.03.01"]
[Round "9.6"]
[White "Storkebaum, Ulrike"]
[Black "Gvanceladze, Anna"]
[Result "1-0"]
[WhiteElo "1793"]
[BlackElo "2264"]
[Annotator "NA"]
[PlyCount "175"]
[EventDate "2018.10.27"]
[EventType "team-tourn"]
[EventCountry "GER"]
[SourceTitle "playchess.com"]
[Source "ChessBase"]
[SourceQuality "1"]
[WhiteTeam "Hofheim"]
[BlackTeam "Bad Koenigshofen"]
[TimeControl "40/5400+30:1800+30"]

1. e4 {[%emt 0:00:04]} c6 {[%emt 0:00:09]} 2. d4 {[%emt 0:00:11]} d5 {[%emt 0:00:06]} 3. Nc3 {[%emt 0:00:17]} dxe4 {[%emt 0:00:08]} 4. Nxe4 {[%emt 0:00:08]} Bf5 {[%emt 0:00:15]} 5. Ng3 {[%emt 0:00:00]} Bg6 {[%emt 0:00:07]} 6. Nf3 {[%emt 0:00:24]} Nd7 {[%emt 0:00:05]} 7. h4 {[%emt 0:00:00]} h6 {[%emt 0:00:15]} 8. h5 {[%emt 0:00:38]} Bh7 {[%emt 0:00:00]} 9. Bd3 {[%emt 0:00:04]} Bxd3 {[%emt 0:00:11]} 10. Qxd3 {[%emt 0:00:00]} e6 {[%emt 0:00:00]} 11. Be3 {[%emt 0:01:59]} Bb4+ {[%emt 0:01:04]} 12. c3 {[%emt 0:00:40]} Be7 {[%emt 0:00:06]} 13. O-O-O {[%emt 0:00:00]} Ngf6 {[%emt 0:00:05]} 14. Kb1 {[%emt 0:02:04]} O-O {[%emt 0:02:36]} 15. Ne4 {[%emt 0:10:41]} Nxe4 {[%emt 0:00:11]} 16. Qxe4 {[%emt 0:00:13]} Nf6 {[%emt 0:00:09]} 17. Qc2 {[%emt 0:02:50]} Qd5 {[%emt 0:03:15]} 18. c4 {[%emt 0:06:57]} Qe4 {[%emt 0:00:51]} 19. Qxe4 {[%emt 0:04:48]} Nxe4 {[%emt 0:21:55]} 20. Ne5 {[%emt 0:02:20]} Rfd8 {[%emt 0:00:00]} 21. f3 {[%emt 0:00:00]} Ng3 {[%emt 0:00:00]} 22. Rh3 {[%emt 0:04:07]} Nf5 {[%emt 0:00:00]} 23. f4 {[%emt 0:06:01]} Bc5 {[%emt 0:00:00]} 24. Bf2 {[%emt 0:00:00]} f6 {[%emt 0:03:58]} 25. Ng6 {[%emt 0:16:34]} Kf7 {[%emt 0:17:31]} 26. Rhd3 {[%emt 0:02:04]} Bb6 {[%emt 0:00:51]} 27. g4 {[%emt 0:03:08]} Nd6 {[%emt 0:06:02]} 28. b3 {[%emt 0:04:09]} Rd7 {[%emt 0:06:46]} 29. Be3 {[%emt 0:05:05]} Ne4 {[%emt 0:04:05]} 30. Kc2 {[%emt 0:02:26]} Rad8 {[%emt 0:00:35]} 31. c5 {[%emt 0:00:00]} Bc7 {[%emt 0:01:21]} 32. b4 {[%emt 0:09:18]} Rd5 {[%emt 0:02:46]} 33. Rf1 {[%emt 0:02:17]} Ng3 {[%emt 0:04:53]} 34. Re1 {[%emt 0:02:40]} f5 {[%emt 0:04:07]} 35. Bf2 {[%emt 0:02:33]} Ne4 {[%emt 0:00:36]} 36. Bh4 {[%emt 0:02:08]} R8d7 {[%emt 0:03:23]} 37. gxf5 {[%emt 0:00:00]} exf5 {[%emt 0:03:30]} 38. Red1 {[%emt 0:09:33]} Bd8 {[%emt 0:13:59]} 39. Be1 {[%emt 0:00:57]} Bf6 {[%emt 0:00:00]} 40. Ne5+ {[%emt 0:01:12]} Bxe5 {[%emt 0:00:00]} 41. dxe5 {[%emt 0:26:35]} Ke6 {[%emt 0:33:53]} 42. Rxd5 {[%emt 0:00:00]} cxd5 {[%emt 0:00:00]} 43. Kd3 {[%emt 0:00:00]} g5 {[%emt 0:00:00]} 44. hxg6 {[%emt 0:00:00]} Rg7 {[%emt 0:00:00]} 45. Rc1 {[%emt 0:00:00]} Kd7 {[%emt 0:00:00]} 46. Kd4 {[%emt 0:00:00]} Rxg6 {[%emt 0:00:00]} 47. Kxd5 {[%emt 0:00:00]} Rg2 {[%emt 0:00:00]} 48. e6+ {[%emt 0:00:00]} Ke7 {[%emt 0:00:00]} 49. Ke5 {[%emt 0:00:00]} Re2 {[%emt 0:00:00]} 50. Kxf5 {[%emt 0:00:00]} Nf6 {[%emt 0:00:00]} 51. Bh4 {[%emt 0:00:00]} Rxe6 {[%emt 0:00:00]} 52. Rg1 {[%emt 0:00:00]} Kf7 {[%emt 0:00:00]} 53. Rg6 {[%emt 0:00:00]} Ne8 {[%emt 0:00:00]} 54. Rg2 {[%emt 0:00:00]} Rc6 {[%emt 0:00:00]} 55. Ke5 {[%emt 0:07:01]} a6 {[%emt 0:00:00]} 56. f5 {[%emt 0:00:17]} Nc7 {[%emt 0:02:09]} 57. Rd2 {[%emt 0:00:00]} a5 {[%emt 0:00:14]} 58. a3 {[%emt 0:00:53]} axb4 {[%emt 0:00:17]} 59. axb4 {[%emt 0:00:06]} Kf8 {[%emt 0:00:30]} 60. Rd8+ {[%emt 0:01:06]} Ne8 {[%emt 0:00:08]} 61. Rd7 {[%emt 0:00:00]} b6 {[%emt 0:01:44]} 62. cxb6 {[%emt 0:01:57]} Rxb6 {[%emt 0:00:15]} 63. Be7+ {[%emt 0:00:17]} Kg8 {[%emt 0:01:11]} 64. Bc5 {[%emt 0:00:00]} Rc6 {[%emt 0:00:17]} 65. Rd8 {[%emt 0:00:56]} Kf7 {[%emt 0:00:06]} 66. Rd7+ {[%emt 0:00:00]} Kg8 {[%emt 0:00:02]} 67. Re7 {[%emt 0:00:49]} Nf6 {[%emt 0:01:18]} 68. Re6 {[%emt 0:00:31]} Nd7+ {[%emt 0:00:58]} 69. Kd5 {[%emt 0:00:28]} Rc8 {[%emt 0:00:39]} 70. Rxh6 {[%emt 0:00:09]} Kg7 {[%emt 0:00:03]} 71. Rg6+ {[%emt 0:01:04]} Kf7 {[%emt 0:00:02]} 72. Bd4 {[%emt 0:00:25]} Rc1 {[%emt 0:01:39]} 73. Rg7+ {[%emt 0:00:12]} Ke8 {[%emt 0:00:00]} 74. b5 {[%emt 0:00:40]} Rb1 {[%emt 0:00:44]} 75. Kc6 {[%emt 0:00:04]} Nb8+ {[%emt 0:00:34]} 76. Kb6 {[%emt 0:02:10]} Nd7+ {[%emt 0:01:06]} 77. Ka5 {[%emt 0:00:00]} Rd1 {[%emt 0:00:11]} 78. Bc3 {[%emt 0:01:24]} Rc1 {[%emt 0:00:29]} 79. Kb4 {[%emt 0:00:31]} Rb1+ {[%emt 0:00:38]} 80. Kc4 {[%emt 0:00:09]} Nb6+ {[%emt 0:00:02]} 81. Kd3 {[%emt 0:01:07]} Rxb5 {[%emt 0:00:11]} 82. Ke4 {[%emt 0:00:00]} Nd7 {[%emt 0:00:44]} 83. Kf4 {[%emt 0:00:00]} Rb3 84. Bd4 {[%emt 0:00:00]} Rb4 {[%emt 0:01:13]} 85. Ke3 {[%emt 0:01:50]} Rb1 {[%emt 0:00:30]} 86. Ke2 {[%emt 0:00:24]} Rb4 {[%emt 0:00:10]} 87. Ke3 {[%emt 0:00:00]} Rb1 {[%emt 0:00:03]} 88. Ke2 {[%emt 0:00:34]} 1-0

[Event "1.FrauenBL 2018-19"]
[Site "Berlin"]
[Date "2019.03.01"]
[Round "9.7"]
[White "Schleining, Zoya"]
[Black "Kashlinskaya, Alina"]
[Result "0-1"]
[WhiteElo "2344"]
[BlackElo "2470"]
[Annotator "ChessBase"]
[PlyCount "74"]
[EventDate "2018.10.27"]
[EventType "team-tourn"]
[EventCountry "GER"]
[SourceTitle "playchess.com"]
[Source "ChessBase"]
[SourceQuality "1"]
[WhiteTeam "SF Deizisau"]
[BlackTeam "SK Schwaebisch Hall"]
[TimeControl "40/5400+30:1800+30"]

1. Nf3 {[%emt 0:00:06]} d5 {[%emt 0:00:14]} 2. g3 {[%emt 0:00:19]} c6 {[%emt 0:01:46]} 3. Bg2 {[%emt 0:01:35]} Bg4 {[%emt 0:00:21]} 4. c4 {[%emt 0:02:49]} e6 {[%emt 0:01:58]} 5. cxd5 {[%emt 0:04:13]} Bxf3 {[%emt 0:01:20]} 6. Bxf3 {[%emt 0:00:00]} cxd5 {[%emt 0:02:58]} 7. O-O {[%emt 0:00:00]} Nc6 {[%emt 0:00:00]} 8. d4 {[%emt 0:06:42]} Nf6 {[%emt 0:00:00]} 9. Nc3 {[%emt 0:01:03]} Be7 {[%emt 0:04:49]} 10. b3 {[%emt 0:14:31]} Qa5 {[%emt 0:03:51]} 11. Na4 {[%emt 0:13:13]} b5 {[%emt 0:06:29]} 12. Nc5 {[%emt 0:00:00]} b4 {[%emt 0:14:03]} 13. Be3 {[%emt 0:00:00]} Rc8 {[%emt 0:10:26]} 14. Rc1 {[%emt 0:30:32]} Bxc5 {[%emt 0:03:57]} 15. Rxc5 {[%emt 0:00:00]} Qxa2 {[%emt 0:01:42]} 16. Qd3 {[%emt 0:03:21]} O-O {[%emt 0:24:00]} 17. Qb5 {[%emt 0:07:19]} Ne7 {[%emt 0:00:00]} 18. Rxc8 {[%emt 0:01:49]} Rxc8 {[%emt 0:00:00]} 19. Qxb4 {[%emt 0:00:21]} Nf5 {[%emt 0:00:00]} 20. Rc1 {[%emt 0:06:41]} Qa6 {[%emt 0:00:00]} 21. Rxc8+ {[%emt 0:00:00]} Qxc8 {[%emt 0:00:00]} 22. Bd2 {[%emt 0:02:04]} h6 {[%emt 0:18:14]} 23. Qc5 {[%emt 0:02:03]} Qa6 {[%emt 0:02:03]} 24. Kg2 {[%emt 0:00:30]} Qa2 {[%emt 0:00:00]} 25. Bb4 {[%emt 0:00:29]} Qxb3 {[%emt 0:00:00]} 26. e3 {[%emt 0:00:00]} Kh7 {[%emt 0:00:00]} 27. Qc3 {[%emt 0:00:00]} Qb1 {[%emt 0:00:00]} 28. Qe1 {[%emt 0:03:12]} Qb3 29. Qc3 {[%emt 0:00:14]} Qa4 {[%emt 0:04:25]} 30. Qa3 {[%emt 0:00:00]} Qb5 {[%emt 0:00:00]} 31. Bc5 {[%emt 0:01:05]} a5 {[%emt 0:00:00]} 32. Qa2 {[%emt 0:00:09]} Ne4 {[%emt 0:00:00]} 33. Be2 {[%emt 0:00:17]} Qb7 {[%emt 0:00:00]} 34. Qxa5 {[%emt 0:00:00]} Qb1 {[%emt 0:00:00]} 35. Qb5 {[%emt 0:00:00]} Qe1 {[%emt 0:00:00]} 36. f3 {[%emt 0:00:00]} Nxe3+ {[%emt 0:00:00]} 37. Kh3 {[%emt 0:00:00]} Nf2+ {[%emt 0:00:00] --- [%clk ] Ned1+ [%clk ] Rb6 [%clk ] --- [%clk ] Bf1 [%clk ] --- [%clk ] Qd7 [%clk ] --- [%clk ] Rb7 [%clk ] --- [%clk ] Bf8 [%clk ] --- [%clk ]} 0-1

[Event "1.FrauenBL 2018-19"]
[Site "Berlin"]
[Date "2019.03.01"]
[Round "9.7"]
[White "Sieber, Fiona"]
[Black "Burchardt, Brigitte"]
[Result "1-0"]
[WhiteElo "2331"]
[BlackElo "2158"]
[Annotator "NA"]
[PlyCount "69"]
[EventDate "2018.10.27"]
[EventType "team-tourn"]
[EventCountry "GER"]
[SourceTitle "playchess.com"]
[Source "ChessBase"]
[SourceQuality "1"]
[WhiteTeam "SK Lehrte"]
[BlackTeam "Pankow"]
[TimeControl "40/5400+30:1800+30"]

1. e4 {[%emt 0:00:05]} c5 {[%emt 0:00:05]} 2. Nf3 {[%emt 0:00:05]} d6 {[%emt 0:00:04]} 3. d4 {[%emt 0:00:04]} cxd4 {[%emt 0:00:06]} 4. Nxd4 {[%emt 0:00:04]} Nf6 {[%emt 0:00:16]} 5. Nc3 {[%emt 0:00:08]} a6 {[%emt 0:00:04]} 6. Be3 {[%emt 0:00:06]} e5 {[%emt 0:00:21]} 7. Nb3 {[%emt 0:00:06]} Be6 {[%emt 0:00:19]} 8. Qd2 {[%emt 0:00:18]} Nbd7 {[%emt 0:01:01]} 9. f3 {[%emt 0:00:12]} b5 {[%emt 0:01:18]} 10. g4 {[%emt 0:00:44]} Nb6 {[%emt 0:03:26]} 11. Bxb6 {[%emt 0:16:59]} Qxb6 {[%emt 0:00:07]} 12. O-O-O Be7 {[%emt 0:05:12]} 13. Kb1 {[%emt 0:02:59]} O-O {[%emt 0:02:01]} 14. h4 {[%emt 0:04:46]} b4 {[%emt 0:14:38]} 15. Nd5 {[%emt 0:02:55]} Bxd5 {[%emt 0:01:38]} 16. exd5 {[%emt 0:00:07]} a5 {[%emt 0:00:21]} 17. h5 {[%emt 0:02:20]} a4 {[%emt 0:00:50]} 18. Nc1 {[%emt 0:00:09]} Ra5 {[%emt 0:00:56]} 19. Bc4 {[%emt 0:11:27]} Rc8 {[%emt 0:06:29]} 20. b3 {[%emt 0:03:38]} a3 {[%emt 0:29:42]} 21. g5 {[%emt 0:03:28]} Ne8 {[%emt 0:05:11]} 22. f4 {[%emt 0:05:48]} f6 {[%emt 0:08:38]} 23. Qe2 {[%emt 0:27:36]} Qd8 {[%emt 0:09:04]} 24. Nd3 {[%emt 0:02:22]} fxg5 {[%emt 0:03:58]} 25. fxe5 {[%emt 0:00:16]} Rb8 {[%emt 0:01:22]} 26. h6 {[%emt 0:00:46]} g6 {[%emt 0:01:46]} 27. Rhf1 {[%emt 0:00:35]} Bf8 {[%emt 0:02:02]} 28. Qf3 {[%emt 0:06:16]} Nc7 {[%emt 0:01:28]} 29. Rde1 {[%emt 0:02:09]} Raa8 {[%emt 0:01:00]} 30. exd6 {[%emt 0:01:45]} Qxd6 {[%emt 0:00:33]} 31. Qf7+ {[%emt 0:02:40]} Kh8 {[%emt 0:00:02]} 32. Rf6 {[%emt 0:00:21]} Qd8 {[%emt 0:00:41]} 33. d6 {[%emt 0:00:22]} Ne6 {[%emt 0:00:57]} 34. Rfxe6 {[%emt 0:01:00]} Bxh6 {[%emt 0:00:48]} 35. Re7 {[%emt 0:00:27]} 1-0

[Event "1.FrauenBL 2018-19"]
[Site "Berlin"]
[Date "2019.03.01"]
[Round "9.7"]
[White "Koehler, Inken"]
[Black "Schmidt, Jade"]
[Result "0-1"]
[WhiteElo "1992"]
[BlackElo "2054"]
[Annotator "NA"]
[PlyCount "80"]
[EventDate "2018.10.27"]
[EventType "team-tourn"]
[EventCountry "GER"]
[SourceTitle "playchess.com"]
[Source "ChessBase"]
[SourceQuality "1"]
[WhiteTeam "TuRa Harksheide"]
[BlackTeam "Hamburger SK"]
[TimeControl "40/5400+30:1800+30"]

1. Nf3 {[%emt 0:00:03]} d5 {[%emt 0:00:26]} 2. g3 {[%emt 0:00:09]} c5 {[%emt 0:00:10]} 3. Bg2 {[%emt 0:00:24]} Nc6 {[%emt 0:00:10]} 4. O-O {[%emt 0:00:18]} e5 {[%emt 0:00:15]} 5. d3 {[%emt 0:00:07]} f6 {[%emt 0:00:26]} 6. c4 {[%emt 0:02:30]} d4 {[%emt 0:00:20]} 7. Na3 {[%emt 0:04:54]} Be6 {[%emt 0:01:51]} 8. Nc2 {[%emt 0:01:02]} Qd7 {[%emt 0:00:59]} 9. Re1 {[%emt 0:02:41]} Nge7 {[%emt 0:12:55]} 10. Rb1 {[%emt 0:10:54]} Nf5 {[%emt 0:05:00]} 11. Nd2 {[%emt 0:01:55]} Be7 {[%emt 0:02:36]} 12. Ne4 {[%emt 0:00:11]} g5 {[%emt 0:06:18]} 13. b4 {[%emt 0:11:48]} cxb4 {[%emt 0:16:09]} 14. Nxb4 {[%emt 0:00:23]} Nxb4 {[%emt 0:00:10]} 15. Rxb4 {[%emt 0:00:07]} Rb8 {[%emt 0:00:12]} 16. Rb3 {[%emt 0:08:58]} Kf7 {[%emt 0:09:41]} 17. Ba3 {[%emt 0:09:42]} b6 {[%emt 0:04:26]} 18. Bxe7 {[%emt 0:08:27]} Qxe7 {[%emt 0:01:49]} 19. Qb1 {[%emt 0:01:28]} Rbc8 {[%emt 0:01:38]} 20. Rc1 {[%emt 0:06:41]} Nd6 {[%emt 0:06:41]} 21. Nxd6+ {[%emt 0:04:04]} Qxd6 {[%emt 0:00:00]} 22. Qb2 {[%emt 0:06:57]} Rc5 {[%emt 0:05:12]} 23. Qa3 {[%emt 0:02:38]} Qd7 {[%emt 0:02:25]} 24. Rcb1 {[%emt 0:03:17]} Rhc8 {[%emt 0:02:03]} 25. Rb5 {[%emt 0:01:49]} Kg6 {[%emt 0:09:05]} 26. Bb7 {[%emt 0:02:51]} Rxb5 {[%emt 0:00:00]} 27. Be4+ {[%emt 0:00:34]} f5 {[%emt 0:00:50]} 28. Rxb5 {[%emt 0:00:04]} fxe4 {[%emt 0:02:39]} 29. Rxe5 {[%emt 0:00:04]} exd3 {[%emt 0:04:51]} 30. Qxd3+ {[%emt 0:00:33]} Bf5 {[%emt 0:00:00]} 31. Qd2 {[%emt 0:04:00]} Rc5 {[%emt 0:00:00]} 32. Rxc5 {[%emt 0:02:16]} bxc5 {[%emt 0:02:34]} 33. Qa5 {[%emt 0:00:00]} Qe7 {[%emt 0:01:33]} 34. Qa6+ {[%emt 0:00:00]} Kg7 {[%emt 0:00:00]} 35. Qc6 {[%emt 0:00:04]} d3 {[%emt 0:01:01]} 36. Qf3 {[%emt 0:02:32]} dxe2 {[%emt 0:00:35]} 37. Qc3+ {[%emt 0:00:00]} Kg8 {[%emt 0:00:19]} 38. Qe1 {[%emt 0:00:54]} Qe4 {[%emt 0:00:40]} 39. f3 {[%emt 0:00:00]} Qxf3 {[%emt 0:00:19]} 40. Qc1 {[%emt 0:00:16]} h6 {[%emt 0:00:00]} 0-1